| 000 | 00847cab a2200229 4500 | ||
|---|---|---|---|
| 001 | WB3419-23 | ||
| 008 | 090401t1998 xxu||||| |||| 00| 0 eng d | ||
| 035 | _a(Sirsi) u86323 | ||
| 041 | _aeng | ||
| 245 | _aDerogation from grant | ||
| 260 | _c1998 | ||
| 350 | _a0 | ||
| 490 |
_aEstates Gazette _v1998 EGCS 75 (16/5/98) |
||
| 520 | _a"Yankwood Ltd v Havering LBC" ChD 6 May 1998. The lessee of an equestian centre sought damages and injunctive relief against council for allowing activities on adjoining land devoted to public recreational use causing interference with the business activities of the centre. | ||
| 650 | _aDAMAGES | ||
| 650 | _aDEROGATION FROM GRANT | ||
| 650 | _aEQUESTRIAN CENTRE | ||
| 650 | _aINJUNCTIVE RELIEF | ||
| 690 | _aLANDLORD AND TENANT-CASE LAW-BUSINESS TENANCIES | ||
| 942 | _n0 | ||
| 948 | _c21/05/1998 | ||
| 999 |
_c54320 _d54320 |
||